Código sanitario, aprobado por decreto con fuerza de ley, N°226, del Ministerio de Bienestar Social. Publicado en el Diario oficial, de 29 de mayo de 1931
Сохранить в:
| Формат: | |
|---|---|
| Язык: | испанский |
| Опубликовано: |
Santiago, Chile
Imprenta del Diario Oficial
1931
|
| Предметы: | |
| Метки: |
Добавить метку
Нет меток, Требуется 1-ая метка записи!
|
MARC
| LEADER | 00000cam a2200000 a 4500 | ||
|---|---|---|---|
| 001 | UCF9119 | ||
| 003 | CL-VaPUC | ||
| 005 | 20210616001600.0 | ||
| 008 | 131025e19310000cl |||||||||||||||||spa|d | ||
| 999 | |c 353604 |d 353602 | ||
| 040 | |c Pontificia Universidad Católica de Valparaíso | ||
| 082 | 0 | 4 | |a 344.8304 COD 1931 |2 21 |
| 245 | 1 | 0 | |a Código sanitario, aprobado por decreto con fuerza de ley, N°226, del Ministerio de Bienestar Social. Publicado en el Diario oficial, de 29 de mayo de 1931 |
| 260 | |a Santiago, Chile |b Imprenta del Diario Oficial |c 1931 | ||
| 505 | |a Decreto ley N°602, aprobación de Código sanitario. Código sanitario de la República de Chile, 1918, edición oficial. Reglamentos sobre profilaxis de enfermedades infecciosas, vacunación y revacunación antivariólica y boticas y droguerías, 1919. Reglamentos de vacunación y revacunación antivariólicas y para las oficinas y empleados del servicio de vacunación anti-variólica, 1921. Suplemento al petitorio vijente: modificaciones y adiciones al Reglamento jeneral de boticas y droguerías, 1922. Reglamentos sobre introducción de la sacarina o sus similares, policía sanitaria animal, inspección sanitaria de zonas y ejercicio de la medicina y demás ramas del arte de curar, 1920. Reglamentos para la introducción y venta del opio, productos del Instituto de Hijiene, y para las oficinas y empleados del Servicio de vacunación anti-variólica e instalaciones domiciliarias del alcantarillado, 1921. Reglamento general de alcantarillados particulares. Fosas sépticas, cámaras filtrantes, cámaras de contacto, cámaras absorbentes y letrinas domiciliarias, abril de 1926. Reglamentos para la introducción y venta del opio y de sus derivados y de la coca, cocaína y sus similares y para el ejercicio de la medicina y demás ramas del arte de curar, marzo de 1926. Reglamento para la ejecución de las disposiciones del título IV del Código sanitario, marzo de 1926. | ||
| 583 | |a last modification |c 20131025 12:28:00 |k Rodrigo Vera | ||
| 650 | 0 | |a Código sanitario |9 387494 | |
| 650 | 7 | |a SERVICIOS SANITARIOS |2 CL-VaPUC |9 359723 | |
| 650 | 0 | |a Salud pública |9 258913 | |
| 650 | 0 | |a Bienestar social |9 255298 | |
| 852 | |a BIBCUR | ||
| 942 | |c BK |2 ddc | ||
| 945 | |d 20131025 12:28:00 |a cmena | ||
| 952 | |0 0 |1 0 |2 ddc |3 erd |4 0 |5 1 |6 344_830400000000000_COD_1931 |7 1 |8 C_LRYV |9 458940 |a FDOBRV |b BIBDER |d 2019-11-23 |i 5020751 |o 344.8304 COD 1931 |p 5020751 |r 2023-01-25 |w 2019-11-23 |y BK_X |z Catalogado en:20131025 |k BRV | ||